00581nam a2200145 a 4500008004100000050001500041100002200056245006000078260002800138300001700166350000900183995009500192999001700287952013100304120416s1971 ||||||||||||||||| || u aHG 223 Coh aCohen, Benjamin J14aThe future of the sterling as an international currency aLondonbMacmillanc1971 axviii, 260p. a0.00 D0.00FCBU-MAIN LIBRARY (Kitwe)H1I0.00M1UAVAILABLEZMain Library Open Access Collection c44266d44266 00102lcc4070a001b001cMain Library Open Access Collectiond2022-11-30l0oHG 223 Cohp007626r2022-11-30w2022-11-30y002